00287nam a22001097a 4500008004100000020001800041100001900059245004700078250000800125260003600133300000800169240805b |||||||| |||| 00| 0 eng d a9788119107292 aK. V. K. Aiyer aProfessional Conduct And Advocacy 2nd Edn. a2nd aHyderabadbAsia Law Housec2024 a736